| 000 | 01581cam a22002891 4500 | ||
|---|---|---|---|
| 001 | 23115 | ||
| 003 | BD-RjUL | ||
| 005 | 20211209000907.0 | ||
| 008 | 140310s1947 enkh 001 0 eng | ||
| 035 | _a(BD-RjUL) | ||
| 035 | _a(OCoLC)6389945 | ||
| 040 |
_aDLC _cICD _dOCoLC _dDLC _dBD-RjUL _beng |
||
| 041 | _aeng | ||
| 082 |
_a283.42 _bREG |
||
| 110 | 1 |
_aCanterbury, Eng. (Province). _bArchbishop, 1414-1443 (Henry Chichele) _971278 |
|
| 245 | 1 | 4 |
_aThe register of Henry Chichele, archbishop of Canterbury, 1414-1443 / _cEdited by E. F. Jacob. _nVolume IV |
| 260 |
_aOxford : _bThe Clarendon press, _c1947. |
||
| 300 |
_aiv,702 p. : _bfront. (v.2: fold. facsim.) ; _c26 cm. |
||
| 500 | _aVol. 2 ed. by E. F. Jacob with the assistance of H. C. Johnson. | ||
| 505 | 0 | _a1. Introduction: The archbishop. The archbishop's administration: pt. 1. Bulls of provision and other documents relating to the appointment of the higher clergy. pt. 2. Institutions, exchanges, etc., in the Diocese of Canterbury and in vacant sees. Appendix: Lists of benefices, etc. 1943.--2. Wills approved before the archbishop or his commissaries. 1938.--3. pt. 1. Minutes of convocation, Province of Canterbury. pt. 2. Registers of vacant sees. pt. 3. The archbishop's visitations. Appendix: Summary of convocations recorded in the register. | |
| 650 | 0 |
_aWills _zEngland _zCanterbury. _971265 |
|
| 651 | 0 |
_aGreat Britain _xChurch history _xSources. _971266 |
|
| 700 | 1 |
_aJacob, E. F. _q(Ernest Fraser), _d1894-1971, _eed. _959622 |
|
| 942 |
_2ddc _cBK |
||
| 999 |
_c23115 _d23115 |
||